000 00710cam a2200265 4500
008 090401t1998 xxu||||| |||| 00| 0 eng d
020 _a0419241507
035 _a(Sirsi) u86496
041 _aeng
050 _a692.5
245 _aSpon`s house improvement price book.
260 _aLondon
_bE & F N Spon
_c1998
300 _axxviii,496p. : ill. ; 24cm.
350 _a42.5
650 _aBUILT ENVIRONMENT-BUILDING COSTS
650 _aHOUSE EXTENSION
650 _aHOUSING REPAIRS
650 _aINSULATION
650 _aLOFT CONVERSIONS
650 _aBUILDING PRICE BOOKS
690 _aBUILT ENVIRONMENT-BUILDING COSTS
700 _aSpain, Bryan, Editor
942 _n0
948 _c01/06/1998
999 _c97138
_d97138